000 00610nam a2200229 a 4500
999 _c5648
_d5648
001 5648
003 BD-JhCC
005 20180304180441.0
008 171219s2004 b |||| || | 000 0 eng d
035 _a(BD-JhCC)5648
040 _aBD-JhCC
_dBD-JhCC
041 _aeng
082 _a337.95492
_bZAK 2004
100 _aZakir Hossain, S.M.
245 _aGlobalization and Bangladesh /
_cS.M. Zakir Hossain,
260 _aDhaka :
_bDoripal Prokashan,
_c2004.
300 _a74 p. :
_c19 cm.
650 _aGlobalization
_zBangladesh
650 _aSustainable Development
942 _2ddc
_cBK